| 000 | 00834nam a2200241 a 4500 | ||
|---|---|---|---|
| 005 | 20220604063636.0 | ||
| 008 | 150423s2009 mx r 000 0 spa d | ||
| 020 | _a9788493602819 | ||
| 035 | _aUPN01000202998 | ||
| 049 | _aCG | ||
| 050 | 4 |
_aHD30.23 _bV4.4 |
|
| 245 | 0 | 0 |
_a20 herramientas para la toma de decisiones : _bmétodo del caso / _ccoord. Juan Jesús Bernal García. |
| 260 |
_aMadrid : _bEspecial Directivos, _c2009. |
||
| 300 |
_a326 p. : _bfigs., cuadros + _e1 CD-ROM ; 4 3/4 plg. |
||
| 440 | 0 | _aEdirectivos | |
| 500 | _a"El CD-ROM solicítalo en el mostrador de préstamo" | ||
| 650 | 7 |
_aToma de decisiones _2 _91881 |
|
| 650 | 4 |
_aADMINISTRACION INDUSTRIAL - _vESTUDIO DE CASOS _95745 |
|
| 650 | 4 |
_aGESTION DE NEGOCIOS _98974 |
|
| 700 | 1 |
_aBernal García, Juan Jesús, _ecoord. |
|
| 905 | _aLibro | ||
| 999 |
_c175099 _d175099 |
||